| 000 | 00535nac a22001451u 4500 | ||
|---|---|---|---|
| 008 | 080903s1965 ua|||||r||| 000 0dra d | ||
| 082 |
_a182 _bم ط ر _222 |
||
| 245 |
_aالفلسفة عند اليونان / _cأميرة حلمي مطر |
||
| 260 |
_aالقاهرة : _bدار ومطابع الشعب ,1965. _c1965. |
||
| 300 |
_a327 ص ; _c24 سم . |
||
| 504 | _aيحتوي على إرجاعات ببليوجرافية | ||
| 511 | _aCatalogued by: Sara | ||
| 541 | _aألف باء ؛ | ||
| 942 |
_cBB _k182م ط ر _2ddc |
||
| 999 |
_c5993 _d5993 |
||